00804cam a2200217 a 450000500170000000800390001702000150005604000500007104100080012110000240012924501210015326000370027430000420031149000320035365000360038565000340042165000390045570000300049470000370052476500250056120180312142017.0140508s2007 ck a gr 000 j spa a9580453411 aCO-BoUCMbspacJose A. GerenadJose A. Gerena1 aspa1 aBourgeois, Paulette10aFranklin en la oscuridadcPaulette Bourgeois ; ilustraciones de Brenda Clark ; traducción de Ana Cristina Robledo  aBogotá (Colombia)bNormac2007 a[30] páginasbilustraciones a color1 aDías felices con Franklin 7aCuentos ilustrados para niños 7aLibros y lectura para niños 7aLiteratura infantil estadounidense1 aClark, Brendaeilustrador1 aRobledo, Ana Cristinaetraductor tFranklin in the dark